| 000 | 00494nam a2200205Ia 4500 | ||
|---|---|---|---|
| 003 | OSt | ||
| 005 | 20240315155213.0 | ||
| 008 | 210210b1952 xxu||||| |||| 00| 0 eng d | ||
| 040 | _cAL | ||
| 041 | _aeng | ||
| 082 | _a824/109 | ||
| 100 |
_aFARJEON (H) _9154779 |
||
| 245 | _aShakespearean scene | ||
| 260 |
_aLondon _bHutchinson & Co., _c1952 |
||
| 650 |
_aShakespearean _9154780 |
||
| 650 |
_ascene _9154781 |
||
| 690 |
_aEnglish Criticism _9154782 |
||
| 906 | _a014063 | ||
| 942 |
_2ddc _cBK |
||
| 999 |
_c133149 _d133149 |
||